000 00561nam a2200181 a 4500
001 0163
005 20140414132039.0
008 040804s19uu xx 00 eng d
050 _aBB
_bC46 bk.3
100 _aBrierly, Jane
245 _aThe Christmas treasure chest, bk. 3/
_ctext by Jane Brierly.
260 _aMontreal, Canada :
_bTormont,
_c1992.
300 _a16 p. : ill. ; cm.
500 _aContents: A visit from St. Nicholas--Jingel Bells--The Christmas bluebird.
650 _aChristmas
_xFiction.
650 _aChildren stories.
999 _c113817
_d113817